Bài tập hoàn thành câu tiếng Anh

Guardado en:
Detalles Bibliográficos
Formato: Libro
Publicado: 2000
Etiquetas: Agregar Etiqueta
Sin Etiquetas, Sea el primero en etiquetar este registro!
Thư viện lưu trữ: Mạng thư viện Đại học Đà Nẵng
LEADER 00447nam a22001811a 4500
001 000037402
003 13697
005 20160412020339.0
008 160412s2000 000
082 |a 4A(07)483-85 
245 |a Bài tập hoàn thành câu tiếng Anh  |c Xuân Bá 
260 |c 2000 
OWN |a LNN 
999 |a From the UDN01 
TYP |a Monograph 
980 |a Mạng thư viện Đại học Đà Nẵng